| 000 | 00346nam a2200121Ia 4500 | ||
|---|---|---|---|
| 008 | 211119s9999||||xx |||||||||||||| ||und|| | ||
| 082 |
_a371.30281 _bRAS-P |
||
| 100 | _aRasheed, P K A | ||
| 245 | 0 | _aPadanam Rasakaram | |
| 260 |
_bMathrubhumi Books _aKottayam _c2006 |
||
| 650 |
_aSocial Sciences _vEducationEconomics _xGeneral Stack |
||
| 942 | _cBOOK | ||
| 999 |
_c111028 _d111028 |
||